The Romanov empire and nationalism : essays in the methodology of historical research

Αποθηκεύτηκε σε:
Λεπτομέρειες βιβλιογραφικής εγγραφής
Κύριος συγγραφέας: Miller, A. I. (Aleksei I.)
Άλλοι συγγραφείς: Dobrynin, Serguei (Μεταφραστής)
Μορφή: Βιβλίο
Γλώσσα:English
Russian
Δημοσίευση: Budapest : Central European University Press, 2008.
Θέματα:
Ετικέτες: Προσθήκη ετικέτας
Δεν υπάρχουν, Καταχωρήστε ετικέτα πρώτοι!

MARC

LEADER 00000cam a2200000 i 4500
001 1/4355
008 100210s2008 hu | ||| |||| ||eng||
020 |a 978963977619- (hbk.) 
035 |l 10106735 
040 |a GR-MyUA  |b gre  |e AACR2 
041 1 |a eng  |h rus 
082 0 |a 947.0072  |2 (22) 
100 1 |a Miller, A. I.   |q (Aleksei I.) 
245 1 4 |a The Romanov empire and nationalism :   |b essays in the methodology of historical research /   |c Alexei Miller ; [translated by Serguei Dobrynin].  
260 |a Budapest :   |b Central European University Press,   |c 2008.  
300 |a 242 σ. ;   |c 23 εκ.  
500 |a Τίτλος πρωτοτύπου: Imperiia Romanovykh i natsionalism.  
500 |a Μετάφραση από τα ρωσικά 
504 |a Βιβλιογραφία: σ. [217]-236 
504 |a Ευρετήριο: σ. [239]-242 
650 0 0 |a Nationalism  |z Russia. 
651 0 |a Russia  |x History  |y 1613-1917. 
700 1 |a Dobrynin, Serguei,  |e trl 
852 |a INST  |b LESVOS  |e 20100210  |h 947.0072 MIL  |p 005100046065  |q 005100046065  |t BK  |y 0 
901 |a BIBL1-2010-1 
909 |a Λ  |b 162697 
970 |a ΚΑΡΑ  |b ΓΙΑΣΕΜΗ  |z 2010/02/10